| 000 | 00648cam a2200205 a 4500 | ||
|---|---|---|---|
| 001 | 000018183 | ||
| 005 | 20200929165405.0 | ||
| 008 | 810623s1942 nyua 001 0 eng d | ||
| 040 |
_aDO-SdBNP _beng _cLC _dBNPHU |
||
| 050 | 0 | 0 |
_aD767.2 _b.B7 |
| 082 |
_ann* _bB845b |
||
| 100 | 1 |
_aBrett, Homer, _d1877- _939391 |
|
| 245 | 1 | 0 |
_aBlueprint for victory / _cHomer Brett. |
| 260 |
_aNew York : _aLondon : _bD. Appleton-Century Company, _c1942. |
||
| 300 |
_av, 215 p. : _bil. ; _c20 cm. |
||
| 650 | 0 |
_aWorld war, 1939-1945 _zUnited States. _939392 |
|
| 650 | 0 |
_aWorld war, 1939-1945 _zJapan. _939088 |
|
| 910 | _aCatalogación por copia / LC | ||
| 049 | _aBNGR | ||
| 999 |
_c17704 _d17704 |
||